000 00669cam a22002171 4500
999 _c36939
_d36939
001 2171287
003 ARRUPE
005 20170728115720.0
008 740520s1967 nyu b 000 0 eng
010 _a 67012961
040 _aDLC
_cDLC
_dDLC
050 0 0 _aB819
_b.S367
082 0 0 _a142.7
100 1 _aSchrader, George Alfred,
_eed.
_933872
245 1 0 _aExistential philosophers; Kierkegaard to Merleau-Ponty.
260 _aNew York,
_bMcGraw-Hill
_c[c1967]
300 _avii, 437 p.
_c23 cm.
504 _aIncludes bibliographies.
650 0 _aExistentialism.
_91759
906 _a7
_bcbc
_corignew
_du
_eocip
_f19
_gy-gencatlg
942 _2lcc
_cMONOGRAPH